आरमेनिया की लघु कहानियां / (Record no. 117078)
[ view plain ]
| 000 -LEADER | |
|---|---|
| fixed length control field | 01253nam a22002657a 4500 |
| 005 - DATE AND TIME OF LATEST TRANSACTION | |
| control field | 20170124103049.0 |
| 010 ## - LIBRARY OF CONGRESS CONTROL NUMBER | |
| LC control number | A-305452 |
| 020 ## - INTERNATIONAL STANDARD BOOK NUMBER | |
| Terms of availability | 21.50 |
| 035 ## - SYSTEM CONTROL NUMBER | |
| System control number | A-305452 |
| 037 ## - SOURCE OF ACQUISITION | |
| Source of stock number/acquisition | Cen Lib/Ret |
| 040 ## - CATALOGING SOURCE | |
| Original cataloging agency | DPL |
| Language of cataloging | HN |
| 082 ## - DEWEY DECIMAL CLASSIFICATION NUMBER | |
| Classification number | क |
| Item number | आरमे |
| 245 ## - TITLE STATEMENT | |
| Title | आरमेनिया की लघु कहानियां / |
| Statement of responsibility, etc | संकलन सोफी अवाकियान ; अनुवादक विभा देवसरे |
| 246 ## - VARYING FORM OF TITLE | |
| Title proper/short title | Aarmeniya ki laghu kahaniyan / |
| Remainder of title | sankalan Sofi Avakiyan ; anuvadak Vibha Devsare |
| 260 ## - PUBLICATION, DISTRIBUTION, ETC. (IMPRINT) | |
| Place of publication, distribution, etc | नयी दिल्ली |
| Name of publisher, distributor, etc | नेशनल बुक ट्रस्ट |
| Date of publication, distribution, etc | 1986 |
| 270 ## - ADDRESS | |
| City | नयी दिल्ली |
| Address | 5-ए, ग्रीन पार्क |
| Postal code | 110055 |
| 300 ## - PHYSICAL DESCRIPTION | |
| Extent | 166पृ. |
| Dimensions | 19सेमी (सजिल्द ) |
| 650 ## - SUBJECT ADDED ENTRY--TOPICAL TERM | |
| Topical term or geographic name as entry element | आर्मेनियन साहित्य |
| General subdivision | |
| Geographic subdivision | |
| 9 (RLIN) | 69942 |
| 650 ## - SUBJECT ADDED ENTRY--TOPICAL TERM | |
| Topical term or geographic name as entry element | आर्मेनियन साहित्य |
| Form subdivision | |
| General subdivision | कहानियां |
| 9 (RLIN) | 69943 |
| 650 ## - SUBJECT ADDED ENTRY--TOPICAL TERM | |
| Topical term or geographic name as entry element | Armeniyan literature |
| 9 (RLIN) | 69944 |
| 650 ## - SUBJECT ADDED ENTRY--TOPICAL TERM | |
| Topical term or geographic name as entry element | Armeniyan literature |
| General subdivision | stories |
| 9 (RLIN) | 69945 |
| 700 ## - ADDED ENTRY--PERSONAL NAME | |
| Personal name | अवाकियान, सोफी |
| 9 (RLIN) | 69946 |
| 700 ## - ADDED ENTRY--PERSONAL NAME | |
| Personal name | देवसरे, विभा |
| 9 (RLIN) | 69947 |
| 942 ## - ADDED ENTRY ELEMENTS (KOHA) | |
| Source of classification or shelving scheme | Dewey Decimal Classification |
| Koha item type | Hindi Books |
| Classification part | क |
| Call number suffix | आरमे |
| Withdrawn status | Lost status | Damaged status | Not for loan | Home library | Current library | Date acquired | Source of acquisition | Cost, normal purchase price | Total Checkouts | Full call number | Barcode | Date last seen | Copy number | Cost, replacement price | Price effective from | Koha item type | Public note |
|---|---|---|---|---|---|---|---|---|---|---|---|---|---|---|---|---|---|
| Written off | Central Library | Central Library | 26/08/2015 | Cen Lib/Ref | 21.50 | क आरमे | A-305452 | 26/08/2015 | 1 | 21.50 | 26/08/2015 | Hindi Books | Written off on approval by DLB (By Circulation); dtd 15-06-2023 |
